1807 1575 1708 1374 1419 1285 1683 1677 1100 1371 1458 1115 1961 1319 1522 1658 1894 1883 1299 1733 1325 1726 1190 1511 1539 1376 1073 1345 1146 1165 1855 1998 1056 1350 1136 1075 1101 1470 1204 1582 1864 1740 1449 1972 1750 1264 1961 1353 1141 1374 1787 1741 1250 1180 1192 1197 1721 1994 1022 1766 1103 1377 1293 1081 1434 1713 1904 1108 1664 1609 1051 1913 1743 1942 1872 1539 1738 1038 1646 1465 1575 1300 1631 1634 1697 1151 1048 1520 1970 1557 1168 1817 1011 1938 1976 1738 1581 1029 1446 BCNSPRNW ULIB Ver.6.0+V

เปลี่ยนเป็นภาษาไทย

Change to English
 แสดงรายละเอียดบรรณานุกรม
  กลับหน้าหลัก

Brief Record : Get Marc (ISO 2709) : E-mail record : QR code < ปิดหน้าต่าง
LEADER : 00000nam 2200000uu 4500
001    13399126560
003     ULIB
008    020711s2555 th a 000 0 tha d
020    ^a9786167578811
050    ^aนว^bก388จ
100    ^aกันเหงา
245    ^aเจ้าสาวสีเลือด
260    ^aกรุงเทพฯ :^bบริษัท ธราธรพับลิเคชั่น,^c2555
300    ^a334 หน้า;^b21 ซม.
650    ^aนวนิยาย
945    ^p250^l0^i004742
999    ^aประนอม เกษจรัล
รายการนี้ยังไม่มีแท็ก
คุณยังไม่ได้ล็อกอิน คุณสามารถมีกิจกรรมร่วมกับเว็บไซต์ได้ แต่ต้องล็อกอินก่อน ::
  ล็อกอิน

รายการสื่อสารสนเทศ

ลำดับที่ ประเภท เลขเรียก/บาร์โค้ด สถานที่ สถานะ
1. นวนิยาย
นวนิยาย
นว ก388จ ฉ.1 
  Barcode: 004742
ห้องสมุดวิทยาเขตสวรรค์ประชารักษ์
►นวนิยาย
บนชั้น
  ขอยืม

รายการใกล้เคียง
    หัวเรื่อง [นวนิยาย]

BibComment


ยังไม่เคยถูกคอมเมนท์

คอมเมนท์ทรัพยากรรายการนี้
  คอมเมนท์: เจ้าสาวสีเลือด


 Copyright 2026. Bcnsprnw @Library